Yu-Gi-Oh! - Statistics

General Stats
  • This quiz has been taken 18 times
  • The average score is 5 of 11
Answers on the Grid
Answers color-coded by a green-red scale on the quiz's grid according to % correct below.
Yugi
Naruto
Joey
Zane
Jaden
Cyrus
Kai
Ryugah
Mai
Alexis
Tsubasa
Luffy
Marik
Mokuba
Ash
Eren
Téa
Rex
Genji
Misty
 
Answer Stats
Answer % Correct
Yugi
100%
Joey
70%
Marik
60%
Mai
50%
Mokuba
50%
Téa
50%
Cyrus
40%
Zane
40%
Jaden
30%
Rex
30%
Alexis
20%
No matching quizzes found
Score Distribution
Percent of People with Each Score
Percentile by Number Answered
Your Score History
You have not taken this quiz